000 00325nam a2200133Ia 4500
008 221030s9999 xx 000 0 und d
041 _aEnglish
100 _aFeynman
245 0 _aLectures on Physics : Volume 3
_cby Feynman
260 _bAddison Wesley
_aLondon
_c1965
300 _a18
650 _aBB Physics
942 _cBK
999 _c18222
_d18222